000 01578nam0a22003131 4500
001 rc\2968619
005 20260407071538.0
035 _a(NLR Aleph) 007114906
090 _a6804564
_c6804564
100 _a20110906d1937 |||y0rusy50 ca
101 1 _arus
_cfre
102 _aRU
105 _ay z |||||
200 1 _aЧерная кровь
_eРоман
_fЛуи Гийу
_gПер. с франц. Ф. Шипулинского
_gПослесл. Ив. Анисимова
210 _aМосква
_cГослитиздат
_d1937
_eКалуга
_gтип. Мособлполиграфа
215 _aПереплет, 630 с.
_d20х14 см
300 _aДоб. тит. л.: "Louis Guilloux. Le sang noir. 1935"
464 0 _12001#$aО "Черной крови" и других произведениях Луи Гийу
_1700#1$aАнисимов$bИ.И.$cд-р филол. наук$f1899-1966$gИван Иванович$3RU\NLR\AUTH\770280221$4070
_tО "Черной крови" и других произведениях Луи Гийу
_aАнисимов, Иван Иванович (д-р филол. наук ; 1899-1966)
513 0 0 _aLe sang noir
_zfre
700 1 _aГийу
_bЛ.
_f1899-1980
_gЛуи
702 1 _aШипулинский
_bФ.
_4730
702 1 _4075
_7ca
_8rus
_aАнисимов
_bИ. И.
_cд-р филол. наук
_f1899-1966
_gИван Иванович
_3RU\NLR\AUTH\770280221
_92652188
801 0 _aRU
_bNLR
_gpsbo
801 1 _aRU
_bELAR
_2rusmarc
852 _aNLR
_bЛ
_j60 В-3/134
852 _aNLR
_j37-3/689
942 _cBOOK
980 _aNB